[Event "Euskadi-chT (Vasca) Div 1st"]
[Site "Bergara"]
[Date "2012.01.28"]
[Round "3.1"]
[White "Saenz Martinez, Juan Jose"]
[Black "Aguirre Canflanca, Josu"]
[Result "1/2-1/2"]
[WhiteElo "2288"]
[BlackElo "2189"]
[PlyCount "98"]
[EventDate "2012.01.14"]
[EventType "team-tourn"]
[EventRounds "9"]
[EventCountry "ESP"]
[SourceTitle "EXT 2024"]
[Source "ChessBase"]
[SourceDate "2023.10.10"]
[SourceVersion "1"]
[SourceVersionDate "2023.10.10"]
[SourceQuality "1"]

1. c4 Nf6 2. Nf3 c5 3. Nc3 Nc6 4. g3 b6 5. Bg2 Bb7 6. 0-0 g6 7. d4 Nxd4 8. Nxd4 Bxg2 9. Kxg2 cxd4 10. Qxd4 Bg7 11. Bg5 h6 12. Bxf6 Bxf6 13. Qd3 Rc8 14. Rad1 Rc6 15. b3 Bg7 16. Nd5 0-0 17. Rd2 Re8 18. Rfd1 d6 19. h4 h5 20. Qf3 Qd7 21. Rd3 Rc5 22. Re3 b5 23. cxb5 Rxb5 24. Rc1 Rc5 25. Rxc5 dxc5 26. Rd3 Qc8 27. Qe4 e6 28. Ne3 Rd8 29. Nc4 Rxd3 30. Qxd3 Qc6+ 31. f3 Bd4 32. e3 Bf6 33. Kf2 Kg7 34. Ke2 Qc7 35. Nd6 Kf8 36. Ne4 Be7 37. Qc3 Kg8 38. Qc4 Qc6 39. a4 Qb7 40. Qb5 Qc8 41. a5 a6 42. Qc4 Qb7 43. Nxc5 Bxc5 44. Qxc5 Qxb3 45. Qc8+ Kg7 46. Qxa6 Qa2+ 47. Kf1 Qa1+ 48. Kg2 Qa2+ 49. Kh3 Qa1 1/2-1/2

[Event "Euskadi-chT"]
[Site "Bergara"]
[Date "2010.03.06"]
[Round "8.2"]
[White "Garro Beraza, Haritz"]
[Black "Saenz Martinez, Juan Jose"]
[Result "1/2-1/2"]
[WhiteElo "2075"]
[BlackElo "2288"]
[PlyCount "43"]
[EventDate "2010.01.09"]
[EventType "team-tourn"]
[EventRounds "9"]
[EventCountry "ESP"]
[SourceTitle "EXT 2011"]
[Source "ChessBase"]
[SourceDate "2010.11.26"]
[SourceVersion "1"]
[SourceVersionDate "2010.11.26"]
[SourceQuality "1"]

1. e4 c5 2. Nf3 e6 3. d4 cxd4 4. Nxd4 Nf6 5. Nc3 Nc6 6. Ndb5 Bb4 7. a3 Bxc3+ 8. Nxc3 d5 9. Bd3 dxe4 10. Nxe4 Nxe4 11. Bxe4 Qxd1+ 12. Kxd1 f5 13. Bxc6+ bxc6 14. Bf4 Kf7 15. b3 c5 16. c4 Bb7 17. f3 g5 18. Be5 Rhg8 19. h3 h5 20. Ke2 Rad8 21. Rad1 Ke7 22. Kf2 1/2-1/2

[Event "Euskadi-chT (Vasca) Div 1st"]
[Site "Euskadi"]
[Date "2008.02.16"]
[Round "6"]
[White "Saenz Martinez, Juan Jose"]
[Black "Corral Sierra, Javier"]
[Result "1-0"]
[WhiteElo "2322"]
[BlackElo "2169"]
[PlyCount "51"]
[EventDate "2008.01.12"]
[EventType "team-tourn"]
[EventRounds "9"]
[EventCountry "ESP"]
[SourceTitle "EXT 2024"]
[Source "ChessBase"]
[SourceDate "2023.10.10"]
[SourceVersion "1"]
[SourceVersionDate "2023.10.10"]
[SourceQuality "1"]

1. Nf3 b6 2. g3 Bb7 3. Bg2 f5 4. 0-0 e6 5. d4 Nf6 6. c4 Qc8 7. Bf4 Be7 8. d5 exd5 9. Nd4 d6 10. Qa4+ Kf7 11. cxd5 Na6 12. Nc3 Nc5 13. Qc2 g6 14. b4 Nce4 15. Nxe4 fxe4 16. Bxe4 Nxe4 17. Qxe4 Bf6 18. Rac1 Re8 19. Ne6 c6 20. Qf3 Rxe6 21. dxe6+ Qxe6 22. b5 d5 23. bxc6 Bxc6 24. Bg5 Rc8 25. Rfd1 d4 26. Qxf6+ 1-0

[Event "Euskadi-chTA"]
[Site "Euskadi"]
[Date "2000.12.02"]
[Round "3"]
[White "Munoz Perez, Ivan"]
[Black "Saenz Martinez, Juan Jose"]
[Result "0-1"]
[WhiteElo "2151"]
[BlackElo "2308"]
[PlyCount "60"]
[EventDate "2000.11.18"]
[EventType "team"]
[EventRounds "9"]
[EventCountry "ESP"]
[SourceTitle "EXT 2006"]
[Source "ChessBase"]
[SourceDate "2005.11.24"]
[SourceVersion "1"]
[SourceVersionDate "2005.11.24"]
[SourceQuality "1"]

1. e4 c5 2. Nf3 e6 3. d3 Nf6 4. g3 d5 5. Nbd2 Nc6 6. Bg2 Be7 7. 0-0 0-0 8. e5 Nd7 9. Re1 Qc7 10. Qe2 b5 11. Nf1 Rb8 12. Bf4 b4 13. h4 Rb6 14. N1h2 Ba6 15. Ng5 c4 16. dxc4 Bxc4 17. Qh5 Bxg5 18. hxg5 Nd4 19. Ng4 Be2 20. Nh6+ gxh6 21. Rxe2 Nxe2+ 22. Qxe2 hxg5 23. Qg4 h6 24. Re1 Qxc2 25. Bc1 Nxe5 26. Rxe5 Qxc1+ 27. Bf1 Qxb2 28. f4 Qd4+ 29. Kg2 f6 30. Re2 Kg7 0-1